000
00263nam a22001217a 4500
008
170306b xxu||||| |||| 00| 0 eng d
041
_a
eng
080
_a
575
100
_a
6
101
_a
SHM
245
_a
TEXTBOOK OF HUMAN GENETICS
_c
LEVITAN, M
942
_2
udc
_c
BK
999
_c
6799
_d
6799